000 00947nam a2200205Ia 4500
003 Ost
005 20260507075652.0
008 260507s9999||||xx |||||||||||||| ||und||
040 _cfsecg
041 _aara
082 _a658.4034
100 _aبلال، محمد اسماعيل
_eمؤلف
245 0 _aبحوث العمليات :
_bاستخدام الأساليب الكمية في صنع القرار /
_c محمد اسماعيل بلال
260 _aالإسكندرية:
_bدار الجامعة الجديدة,
_c2005
300 _a400 صفحة؛
_bإيضاحات ؛
_c24 سم
520 _aالبرمجة الخطية- سلاسل ماركوف- شبكات الاعمال- نموذج النقل الرياض- نظرية القرار- نظرية المباريات- البرمجة الديناميكية.
653 _aالبرمجة الخطية
653 _aبحوث العمليات- إتخاذ القرارات
942 _cكتاب
999 _c45633
_d45633